000 00297pam a2200133 a 4500
020 _c
041 _h
082 _a658.404
_bMAY
100 _aMAYLOR, HARVEY.
245 _aPROJECT MANAGEMET
_hTextual Documents
260 _aNEW DELHI
_bPERSON EDUCATION
_c2003
300 _a291
930 _a13601
999 _c133027
_d133027